Géographie en B - Statistiques

Statistiques générales
  • Ce quiz a été pris 326 fois
    230 depuis la dernière actualisation
  • Le résultat moyen est 14 sur 20
Statistiques - réponses
Description Réponse % Correct
Capitale de la Thaïlande Bangkok
96%
Chef-lieu de la Gironde Bordeaux
93%
L'un des plus grands pays du Monde connu pour ses carnavals Brésil
93%
Île indonésienne réputée pour ses plages de sable fin Bali
83%
Surnom donnée à la "Clock Tower" Big Ben
82%
Station balnéaire sur la côte basque française Biarritz
81%
Capitale de la Slovaquie Bratislava
80%
Pays enclavé dans l'Himalaya Bhoutan
79%
Le plus haut sommet des Alpes et d'Europe occidentale Mont Blanc
79%
Pays insulaire situé au sud des Caraïbes Barbade
76%
Ancienne région française connue pour son vin Bourgogne
74%
Chef-lieu de la région d'Émilie-Romagne en Italie Bologne
73%
Ville médiévale belge connue pour ses chocolats Bruges
73%
Ville européenne ayant le plus grand stade de football d'Europe Barcelone
72%
Le plus haut gratte-ciel du monde Burj Khalifa
65%
Résidence officielle de la monarchie britannique à Londres Buckingham Palace
63%
Pays avec un drapeau constitué de 3 bandes horizontales (verte ,blanche et rouge) Bulgarie
63%
Détroit qui sépare la partie européenne et la partie asiatique d'Istanbul en Turquie Bosphore
59%
Principal port de pêche de France, situé en Hauts-de-France Boulogne-sur-Mer
34%
Île d'une collectivité d'outre-mer française Bora Bora
21%
Aucun quiz correspondant
Distribution des résultats
% des personnes avec chaque résultat
Percentile par nombre de réponses
Votre historique - résultats
Vous n’avez pas pris ce quiz depuis la dernière actualisation